[Event "Dubai The Arbor blitz op"]
[Site "Dubai"]
[Date "2019.04.12"]
[Round "8"]
[White "Ismail, Basil"]
[Black "Isha, Sharma"]
[Result "0-1"]
[WhiteElo "1272"]
[BlackElo "1787"]
[PlyCount "72"]
[EventDate "2019.04.12"]
[EventType "swiss (blitz)"]
[EventRounds "9"]
[EventCountry "UAE"]
[SourceTitle "CBM 189 Extra"]
[Source "ChessBase"]
[SourceDate "2019.06.03"]
[SourceVersion "1"]
[SourceVersionDate "2019.06.03"]
[SourceQuality "1"]

1. e4 e6 2. d4 d5 3. Nd2 Nf6 4. e5 Nfd7 5. Bd3 c5 6. c3 Nc6 7. Ne2 cxd4 8. cxd4 f6 9. Nf4 Nxd4 10. Qh5+ Ke7 11. exf6+ Nxf6 12. Ng6+ hxg6 13. Qxh8 Kf7 14. 0-0 e5 15. Nb3 Nxb3 16. axb3 e4 17. Bb1 Be6 18. Bg5 Qb6 19. Bc2 Rc8 20. Rac1 Bc5 21. Qh4 Bd4 22. Bb1 Bxb2 23. Rxc8 Bxc8 24. Qg3 Nh5 25. Qe3 Bd4 26. Qd2 Be6 27. Be3 Bxe3 28. fxe3+ Nf6 29. h3 Qxb3 30. g4 g5 31. Ba2 Qb5 32. Rb1 Qc6 33. Rc1 Qd6 34. Qc3 Qg3+ 35. Kf1 Qxh3+ 36. Ke1 Qh1+ 0-1